| 000 | 00435nam a2200157 i 4500 | ||
|---|---|---|---|
| 001 | 107162 | ||
| 003 | ES-MaACL | ||
| 005 | 20230906184348.0 | ||
| 007 | t| | ||
| 008 | 061121s1905 sp r ||||1| spa d | ||
| 100 | 1 |
_aMorales Llorens, Antonio. _983048 |
|
| 245 | 1 | 0 |
_aTratamiento moderno de la escoliosis _b: tesis doctoral. |
| 260 |
_aBarcelona : _b[s.n.], _c1905. |
||
| 650 | 4 |
_aEscoliosis. _9147021 |
|
| 852 |
_aES-MaACL _jT-1211-F-6 |
||
| 999 |
_c107162 _d107162 |
||